000 00411nam a2200169Ia 4500
005 20250423095625.0
008 250422s9999 xx 000 0 und d
020 _a978- 1- 4351- 1346- 6
050 _aF 1230 .P963/
100 _aPrescott, William H.
245 0 _aHistory of the conquest of Mexico
260 _aNew York
260 _bBarnes & Noble
260 _c2004
300 _a1010 p
942 _cBK
999 _c30834
_d30834